[Event "AUTO-OPEN-1521"]
[Site "http://www.queenalice.com/game.php?id=574708"]
[Date "2009.4.20"]
[Round "1"]
[White "Foska"]
[Black "vice_Kiko"]
[Result "0-1"]
[WhiteElo "1612"]
[BlackElo "2065"]

1. d4 d5 2. e3 Nf6 3. Nf3 Bg4 4. Be2 e6 5. Ne5 Bxe2 6. Qxe2 Bd6 7. f4 Ne4 8. Qg4
O-O 9. O-O Nd7 10. Qe2 f5 11. Bd2 c5 12. c3 Rc8 13. Na3 a6 14. b3 cxd4 15. Nc2
dxc3 16. Bc1 Nxe5 17. fxe5 Bxe5 18. Ba3 Rf6 19. Rf3 Rh6 20. g3 Qg5 21. Qg2 Nd2
0-1

[Event "AUTO-OPEN-1521"]
[Site "http://www.queenalice.com/game.php?id=574731"]
[Date "2009.4.20"]
[Round "1"]
[White "XADREZAMIGO"]
[Black "Foska"]
[Result "1-0"]
[WhiteElo "2062"]
[BlackElo "1612"]

1. c4 e5 2. e3 Nc6 3. Nc3 d6 4. g3 Nf6 5. Bg2 Bd7 6. Nge2 Be7 7. O-O O-O 8. d4
Bg4 9. f3 Be6 10. d5 Bd7 11. dxc6 Bxc6 12. b3 Qc8 13. Bd2 Bd7 14. e4 Bh3 15. Be3
c5 16. Nd5 Nxd5 17. cxd5 Bd7 18. Rc1 Bb5 19. a4 Ba6 20. b4 b6 21. b5 Bb7 22. f4
exf4 23. Nxf4 a6 24. Bh3 Qe8 25. Qe2 axb5 26. axb5 1-0

[Event "AUTO-OPEN-1521"]
[Site "http://www.queenalice.com/game.php?id=574732"]
[Date "2009.4.20"]
[Round "1"]
[White "Foska"]
[Black "XADREZAMIGO"]
[Result "0-1"]
[WhiteElo "1612"]
[BlackElo "2062"]

1. e4 c5 2. Nc3 Nc6 3. d3 g6 4. Be3 b6 5. Nf3 Bg7 6. d4 cxd4 7. Nxd4 Nf6 8. Bd3
e5 9. Nf3 O-O 10. O-O d5 11. Qd2 d4 12. Bg5 dxc3 13. Qxc3 Qd6 14. Rad1 Qc5 15.
Qd2 Bg4 16. Bxf6 Bxf6 17. Qc3 Qxc3 18. bxc3 Bxf3 19. gxf3 Bg5 20. Kh1 Rad8 21.
Bb5 Rxd1 22. Rxd1 Rd8 23. Rg1 Bh4 24. Bxc6 Rd2 25. Bb5 Rxc2 26. c4 Rxa2 27. Rd1
a6 0-1

[Event "Let's Play Chess!"]
[Site "http://www.queenalice.com/game.php?id=574813"]
[Date "2009.4.20"]
[Round "-"]
[White "colognestar"]
[Black "Foska"]
[Result "1-0"]
[WhiteElo "2128"]
[BlackElo "1575"]

1. Nf3 d5 2. c4 d4 3. d3 c5 4. g3 Nc6 5. Bg2 e5 6. O-O Nf6 7. Nbd2 Bd6 8. Ng5
O-O 9. Nge4 Nxe4 10. Nxe4 Ne7 11. a3 Bf5 12. Nxd6 Qxd6 13. Bxb7 Rab8 14. Bg2 Qd7
15. Rb1 Bh3 16. Bd2 f6 17. b4 a6 18. Bxh3 Qxh3 19. Qa4 cxb4 20. Bxb4 Rfe8 21.
Bxe7 Rxb1 22. Qxe8# 1-0

[Event "Challenge"]
[Site "http://www.queenalice.com/game.php?id=579262"]
[Date "2009.4.28"]
[Round "-"]
[White "DANTCHESSMART"]
[Black "Foska"]
[Result "1-0"]
[WhiteElo "2221"]
[BlackElo "1652"]

1. e4 c5 2. Nf3 Nc6 3. d4 e6 4. d5 exd5 5. exd5 Nb8 6. Qe2+ Qe7 7. Nc3 d6 8. Bf4
Qxe2+ 9. Bxe2 Nf6 10. O-O Be7 11. Rae1 O-O 12. Bc4 Nh5 13. Bd2 Bf6 14. Nb5 Nd7
15. Nxd6 Bxb2 16. Bd3 Nb6 17. c4 Bg4 18. Ne5 Bc8 19. Re2 Nf6 20. Rfe1 Bxe5 21.
Rxe5 Ng4 22. Re7 Nh6 23. Be3 Ng4 24. Bxc5 Na4 25. Bd4 Rd8 26. Re8+ 1-0

[Event "FUSCA"]
[Site "http://www.queenalice.com/game.php?id=579284"]
[Date "2009.4.28"]
[Round "-"]
[White "perucona"]
[Black "Foska"]
[Result "0-1"]
[WhiteElo "1567"]
[BlackElo "1722"]

1. e4 c5 2. d4 cxd4 3. Qxd4 Nc6 4. Qd5 Nf6 5. Qd3 Nb4 6. Qe2 Qa5 7. e5 Nfd5 8.
c3 Nc6 9. b4 Qc7 10. b5 Nxe5 11. c4 Nb4 12. a3 Ned3+ 13. Kd2 Qd6 14. axb4 Nf4+
15. Ke1 Nxe2 16. Bxe2 Qxb4+ 17. Bd2 Qb2 18. Bc3 Qc1+ 19. Bd1 b6 20. Bd2 Qxc4 21.
Be2 Qd5 22. Bf3 Qe5+ 23. Ne2 Qxa1 24. Be4 Rb8 25. Bc3 Qa4 26. Nd4 Bb7 27. Bxb7
Rxb7 28. Ke2 e5 29. Nf3 Qxb5+ 30. Kd2 e4 31. Ng5 Qxg5+ 32. Ke2 Qb5+ 33. Ke3 Qd3+
34. Kf4 Bd6+ 35. Be5 O-O 36. Bxd6 Qxd6+ 37. Kxe4 Re8+ 38. Kf3 Re5 39. Kf4 Qf6+
40. Kg4 Rg5+ 41. Kh4 Qh6# 0-1

[Event "Challenge"]
[Site "http://www.queenalice.com/game.php?id=581643"]
[Date "2009.5.2"]
[Round "-"]
[White "david_kasparov"]
[Black "Foska"]
[Result "0-1"]
[WhiteElo "1554"]
[BlackElo "1652"]

1. e4 e5 2. Nf3 Nc6 3. Be2 Nf6 4. Nc3 Be7 5. O-O d5 6. d3 d4 7. Nb5 a6 8. Na3
Bxa3 9. bxa3 Qd6 10. Bg5 Qxa3 11. Bxf6 gxf6 12. h3 Rg8 0-1

[Event "Let's Play Chess!"]
[Site "http://www.queenalice.com/game.php?id=608009"]
[Date "2009.6.24"]
[Round "-"]
[White "Foska"]
[Black "elche"]
[Result "1/2-1/2"]
[WhiteElo "1732"]
[BlackElo "1918"]

1. e4 c5 2. Nf3 Nc6 3. Nc3 e6 4. Bb5 a6 5. Bxc6 bxc6 6. O-O d6 7. d3 Nf6 8. e5
dxe5 9. Nxe5 Bb7 10. Bg5 Be7 11. Qf3 O-O 12. Ne4 Nxe4 13. Bxe7 Qxe7 14. Qxe4 Qc7
15. c4 Qd6 16. f4 Rad8 17. Rad1 Qd4+ 18. Qxd4 cxd4 19. b4 Ba8 20. Rde1 Rfe8 21.
Re2 Kf8 22. a3 h6 23. Nf3 f5 24. Rfe1 Kf7 25. a4 Re7 26. Kf2 Kf6 27. h3 Rde8 28.
Nxd4 g6 29. b5 cxb5 30. axb5 axb5 31. Nxb5 Bc6 32. Nd4 Bd7 33. c5 Bc8 34. c6 Rc7
35. g4 fxg4 36. hxg4 Rce7 37. Rc1 Ba6 38. Rec2 Rc7 39. Ke3 e5 40. g5+ hxg5 41.
fxg5+ Kxg5 42. Nf3+ Kf6 43. Rc5 g5 44. Ke4 Re6 45. Nxe5 Bxd3+ 46. Kxd3 Rxe5 47.
Rxe5 Kxe5 48. Rc5+ 1/2-1/2

[Event "Let's Play Chess!"]
[Site "http://www.queenalice.com/game.php?id=608011"]
[Date "2009.6.24"]
[Round "-"]
[White "Foska"]
[Black "talisman77"]
[Result "0-1"]
[WhiteElo "1739"]
[BlackElo "1771"]

1. e4 Nc6 2. Nf3 e5 3. Nc3 d6 4. Bb5 Nf6 5. O-O Bd7 6. d4 Be7 7. d5 Nb8 8. Bxd7+
Nbxd7 9. Be3 O-O 10. Nd2 a6 11. Nc4 b5 12. Nd2 Qc8 13. b4 c6 14. Nb3 Qc7 15.
dxc6 Qxc6 16. Qd3 Bd8 17. a4 bxa4 18. Rxa4 d5 19. exd5 Qc8 20. Rfa1 Bb6 21. b5
Bxe3 22. Qxe3 Qb7 23. Rd1 Nb6 24. d6 Ng4 25. Qd3 Nxa4 26. Nxa4 Rfd8 27. Nac5
Qxb5 28. Qe4 Nf6 29. Qxe5 Rac8 30. d7 Rxd7 31. Nxd7 Qxe5 32. Nxe5 g6 33. g3 Rxc2
34. Ra1 Ne4 35. Ng4 f5 36. f3 Ng5 37. Nf2 Nxf3+ 38. Kh1 Rxf2 39. Rxa6 Rxh2# 0-1

[Event "Let's Play Chess!"]
[Site "http://www.queenalice.com/game.php?id=608012"]
[Date "2009.6.23"]
[Round "-"]
[White "Foska"]
[Black "Motorhead"]
[Result "0-1"]
[WhiteElo "1657"]
[BlackElo "1772"]

1. e4 e5 2. Nf3 Nc6 3. Nc3 Nf6 4. Bb5 Bb4 5. Bxc6 dxc6 6. Ne2 Bd6 7. O-O Nxe4 8.
d3 Nf6 9. Bg5 O-O 10. Nc3 Bg4 11. h3 Bh5 12. a3 Be7 13. g4 Bg6 14. Nxe5 Nd5 15.
Bxe7 Qxe7 16. Re1 Qh4 0-1

[Event "Let's Play Chess!"]
[Site "http://www.queenalice.com/game.php?id=608013"]
[Date "2009.6.23"]
[Round "-"]
[White "Motorhead"]
[Black "Foska"]
[Result "0-1"]
[WhiteElo "1858"]
[BlackElo "1670"]

1. e4 e5 2. Nf3 Nc6 3. Bc4 Nf6 4. c3 a6 5. d4 exd4 6. cxd4 Nxe4 7. O-O d5 8. Qe2
Bg4 9. Qe3 Be7 10. Bb3 Bxf3 11. Qxf3 Nxd4 12. Qd1 Nxb3 13. Qxb3 Nc5 14. Qf3 O-O
15. Nc3 c6 16. Re1 d4 17. Ne4 Qd5 18. Bd2 Rfe8 19. Rad1 Qxa2 20. Bb4 Nxe4 21.
Qxe4 Bxb4 22. Qxe8+ Rxe8 23. Rxe8+ Bf8 24. Rxd4 Qb1+ 0-1

[Event "Let's Play Chess!"]
[Site "http://www.queenalice.com/game.php?id=608016"]
[Date "2009.6.24"]
[Round "-"]
[White "elche"]
[Black "Foska"]
[Result "0-1"]
[WhiteElo "1732"]
[BlackElo "1664"]

1. e3 e5 2. e4 Nf6 3. Nc3 Nc6 4. Bc4 a6 5. Nf3 d6 6. d4 Bg4 7. dxe5 dxe5 8.
Qxd8+ Rxd8 9. Ng5 Bh5 10. O-O Bb4 11. Nd5 Nxd5 12. exd5 Na5 13. Bb3 O-O 14. c4
Be2 15. a3 Bxf1 16. axb4 Nxb3 17. Rb1 Bd3 18. Be3 Bxb1 0-1

[Event "Let's Play Chess!"]
[Site "http://www.queenalice.com/game.php?id=608017"]
[Date "2009.6.24"]
[Round "-"]
[White "sasquatico"]
[Black "Foska"]
[Result "0-1"]
[WhiteElo "1782"]
[BlackElo "1745"]

1. e4 c5 2. d4 cxd4 3. Qxd4 Nc6 4. Qd1 e5 5. Nf3 Nf6 6. Bg5 Be7 7. Nc3 Qb6 8.
Bxf6 Bxf6 9. Nd5 Qd8 10. a3 O-O 11. Nxf6+ Qxf6 12. Be2 Qg6 13. O-O Qxe4 14. Bd3
Qa4 15. Ng5 g6 16. Ne4 d5 17. Nc5 Qd4 18. b4 a5 19. Nb3 Qb6 20. Re1 axb4 21.
axb4 Rxa1 22. Qxa1 e4 23. Bf1 Nxb4 24. Qd4 Qxd4 25. Nxd4 Kg7 26. Rb1 Nc6 27.
Nxc6 bxc6 28. Rb6 Bd7 29. Ba6 Ra8 30. h3 c5 31. Bb7 Rb8 32. Kh2 c4 33. Kg3 Be6
34. Kf4 Bc8 35. Bxd5 Rxb6 36. Bxc4 f5 37. Bb3 Rd6 38. Ke3 Kf6 39. h4 Ra6 40. Kf4
Be6 41. Bxe6 Kxe6 42. Kg5 Kf7 43. Kh6 Kg8 44. c4 Ra1 45. c5 Rh1 46. c6 Rxh4+ 47.
Kg5 Rh1 48. g4 fxg4 49. Kxg4 Rc1 50. Kf4 Rxc6 51. Kxe4 Rf6 52. f4 Kg7 53. Ke5
Rf5+ 54. Ke4 Kf6 55. Ke3 g5 56. fxg5+ Kxg5 57. Ke4 h5 58. Ke3 Rf4 59. Ke2 h4 0-1

[Event "Let's Play Chess!"]
[Site "http://www.queenalice.com/game.php?id=608018"]
[Date "2009.6.24"]
[Round "-"]
[White "Foska"]
[Black "sasquatico"]
[Result "0-1"]
[WhiteElo "1762"]
[BlackElo "1765"]

1. e4 d5 2. exd5 Qxd5 3. Nc3 Qd8 4. Nf3 Nc6 5. Bb5 Bd7 6. O-O e6 7. d4 Nce7 8.
Bg5 Bxb5 9. Nxb5 f6 10. Bd2 c6 11. Nc3 Nf5 12. Qe2 Qd7 13. Rae1 O-O-O 14. Qxe6
Qxe6 15. Rxe6 Nge7 16. Rfe1 Nxd4 17. Nxd4 Nd5 18. Nxd5 cxd5 19. Nb5 Bc5 20. Be3
d4 21. Bf4 a6 22. Nd6+ Bxd6 23. Bxd6 Rxd6 24. Re7 Rg8 25. Re8+ Rxe8 26. Rxe8+
Kc7 27. Rg8 Rd7 28. Re8 Kc6 29. Kf1 Kd5 30. Ke2 Kc4 31. Rc8+ Kb5 32. Kd3 b6 33.
Rc4 a5 34. Rxd4 Re7 35. c4+ Kc6 36. Rd8 h6 37. Rc8+ Kb7 38. Rg8 Kc6 39. g4 Kd6
40. h4 Ke5 41. f4+ Kxf4 42. Rb8 Re6 43. Rb7 Kxg4 44. Rxg7+ Kxh4 45. Rg6 Kh5 46.
Rg7 f5 47. Rg1 f4 48. a3 f3 49. Rf1 Kg4 50. Kd2 Kg3 51. Re1 Rxe1 52. Kxe1 Kg2
53. b4 f2+ 54. Kd2 axb4 55. axb4 f1=Q 56. c5 bxc5 57. bxc5 Qc4 0-1

[Event "Let's Play Chess!"]
[Site "http://www.queenalice.com/game.php?id=608019"]
[Date "2009.6.24"]
[Round "-"]
[White "Foska"]
[Black "talisman77"]
[Result "1-0"]
[WhiteElo "1694"]
[BlackElo "1756"]

1. e4 Nc6 2. Nf3 e5 3. Nc3 Nf6 4. Bb5 Bc5 5. Bxc6 bxc6 6. Nxe5 Qe7 7. d4 Bb6 8.
Bg5 O-O 9. Ng4 d6 10. Bxf6 gxf6 11. O-O Bb7 12. Nh6+ Kh8 13. Re1 Rfe8 14. Re3
Bxd4 15. Qxd4 c5 16. Qd1 Qf8 17. Qh5 Re7 18. Rg3 1-0

[Event "Let's Play Chess!"]
[Site "http://www.queenalice.com/game.php?id=608020"]
[Date "2009.6.23"]
[Round "-"]
[White "Foska"]
[Black "spawnwolfwolverine"]
[Result "1-0"]
[WhiteElo "1724"]
[BlackElo "1631"]

1. e4 e5 2. Nf3 d6 3. Nc3 Bg4 4. h3 Bxf3 5. Qxf3 Be7 6. Be2 Nf6 7. d3 O-O 8. O-O
Nc6 9. a3 a6 10. Be3 b5 11. Qg3 g6 12. Bh6 Re8 13. f4 Bf8 14. Bxf8 Rxf8 15. Rf2
Nd4 16. fxe5 Nxe2+ 17. Nxe2 dxe5 18. Qxe5 Nh5 19. Nc3 c5 20. Qxc5 Re8 21. a4
bxa4 22. Nxa4 Qc8 23. Qe3 a5 24. Nb6 Qa6 25. Nxa8 Rxa8 26. Qd4 Qe6 27. Qd5 Qxd5
28. exd5 a4 29. Raf1 f5 30. c4 Ng3 31. Ra1 g5 32. b3 f4 33. bxa4 h5 34. a5 h4
35. a6 Nf5 36. a7 Nd4 37. Rb2 Kg7 38. Rb8 Rxa7 39. Rxa7+ Kg6 40. Kf2 Nf5 41.
Rb6+ Kh5 42. Rh7+ Nh6 43. Rbxh6# 1-0

[Event "Let's Play Chess!"]
[Site "http://www.queenalice.com/game.php?id=608021"]
[Date "2009.6.23"]
[Round "-"]
[White "spawnwolfwolverine"]
[Black "Foska"]
[Result "0-1"]
[WhiteElo "1563"]
[BlackElo "1712"]

1. c4 e5 2. d3 Nc6 3. e4 Nd4 4. Nc3 Nf6 5. Bg5 Be7 6. Nf3 Ne6 7. Bxf6 Bxf6 8.
Be2 O-O 9. O-O b6 10. a3 c6 11. b4 Bb7 12. a4 a5 13. b5 Nc5 14. g3 d5 15. cxd5
cxd5 16. Nxd5 Bxd5 17. exd5 Qxd5 18. Nh4 Bxh4 19. gxh4 Rad8 20. f4 Qd4+ 21. Kg2
exf4 22. Rf3 Rfe8 23. Ra2 Rd6 24. Qd2 Rg6+ 25. Kh3 Qd7# 0-1

[Event "Let's Play Chess!"]
[Site "http://www.queenalice.com/game.php?id=608022"]
[Date "2009.6.23"]
[Round "-"]
[White "spawnwolfwolverine"]
[Black "Foska"]
[Result "0-1"]
[WhiteElo "1559"]
[BlackElo "1736"]

1. c4 e5 2. d3 Nc6 3. e4 Nd4 4. Nf3 Nxf3+ 5. Qxf3 Bb4+ 6. Nc3 Bxc3+ 7. bxc3 d6
8. d4 Nf6 9. Bg5 h6 10. Bxf6 Qxf6 11. Qxf6 gxf6 12. c5 dxc5 13. dxe5 fxe5 14.
Bb5+ c6 15. Bc4 Rg8 16. g3 b5 17. Bb3 Bh3 18. Rd1 Bg2 19. Rg1 Bxe4 20. a3 c4 21.
Ba2 Bf3 22. Rd6 h5 23. Kd2 Ke7 24. Rh6 Rad8+ 25. Kc2 Be4+ 26. Kc1 Bg6 27. f4 Kf6
28. fxe5+ Kg7 29. Rxg6+ fxg6 30. e6 Rge8 31. Re1 Rd6 32. e7 Kf7 33. a4 a6 34.
axb5 axb5 35. Bb1 Rxe7 36. Rxe7+ Kxe7 37. Bxg6 Rxg6 38. Kc2 Ke6 39. Kd2 Rf6 40.
Ke3 c5 41. h3 b4 42. cxb4 cxb4 43. g4 hxg4 44. hxg4 Rg6 45. Kd4 Rxg4+ 46. Kc5 b3
47. Kb5 b2 48. Kc5 b1=Q 49. Kc6 c3 50. Kc5 Qb4+ 51. Kc6 Rc4# 0-1